000 00323 a2200121 4500
000 nam a22 7a 4500
005 20260207155534.0
020 _a9788171108756
100 _aIndrachandra Shastri
_91114390
245 _aA Study of Nyaya Manjari by Jayanta Bhatta
260 _bParmil Publications
_c2024
942 _cTEXL
999 _c1678934
_d1678934